00732nam a2200217 a 450000100100000000500170001000800410002702000150006804000250008308200180010810000250012624500300015126000330018130000280021449000320024260000590027483000390033304900090037295201160038199900170049700002190820200930011511.0100914s1973 sp r 000 0bspa d a8432024031 aDO-SdBNPbspacBNPHU a928.44bV935P1 aPujol, Carlos94546210aVoltaire /cCarlos Pujol. aBarcelona :bPlaneta,c1973. a189 p. :bil. ;c20 cm.1 aDifusión Cultural Planeta10aVOLTAIRES, FRANCOIS MARIE ARUOET, DEd1694-1778945463 0aDifusión Cultural Planeta945464 aBNGR 001050718MOaGRbGRcCTd2010-09-14iLF1l0o928.44 V935Pp21908-10r2020-06-25w2020-06-25y1ZNo se presta c21406d21406